El espectador /

Guardado en:
Autor Principal: Ortega y Gasset, José
Otros Autores: Gómez de la Serna, Gaspar, pról.
Formato: Libro
Publicado: Navarra : Salvat, 1970
Series:Biblioteca Básica Salvat
Materias:
Etiquetas: Agregar Etiqueta
Sin Etiquetas, Sea el primero en etiquetar este registro!
LEADER 00673nam a22002175a 4500
001 CEM.cems009785
005 20080711093437.0
008 130507s1970##################000#0#####d
003 CEMS
082 0 4 |a 864.6 
100 1 |a Ortega y Gasset, José 
245 1 0 |a El espectador /  |c José Ortega y Gasset ; selección y Prólogo de Gaspar Gómez de La Serna 
260 |a Navarra :  |b Salvat,  |c 1970 
300 |a 188 p. 
490 0 |a Biblioteca Básica Salvat 
653 |a Literatura 
653 |a Literatura española 
653 |a Ensayo 
653 |a Ensayo español 
700 1 |a Gómez de la Serna, Gaspar, pról. 
859 |a CEMS  |b BIB. CEMS - 11 de abril  |h 864.6  |i Or1-4  |p 20078.98  |t Ej.1